000 01594nam a2200313 4500
001 0000018299
003 CO-CtgCURN
005 20250329191019.0
007 ta
008 160627s1999 000 0 eng d
020 _a8425217938
040 _aCO-CtgCURN
_bspa
_ccoctgcurn
082 0 _a724.91
_bB35h
100 1 _aBenevolo, Leonardo.
245 1 0 _aHistoria de la arquitectura moderna /
_cLeonardo Benevolo.
250 _a8a ed. revisada y ampliada.
260 _aBarcelona :
_bEditorial Gustavo Gili,
_c1999.
300 _a1196 p.
336 _2rdacontent
337 _2rdamedia
_asin mediacion
_bn
338 _2rdacarrier
_avolumen
_bnc
504 _aBibliografia (p. 1161)
505 8 _aRevolucion industrial y arquitectura.--La epoca de la reorganizacion y los origenes de la urbanistica moderna.--El primer modelo de ciudad en la epoca industrial.--Ingenieria y arquitectura en la segunda mitad del siglo XIX.--Los intelectuales y el publico frente al nuevo ambiente.--Las iniciativas para la reforma del ambiente, desde Robert Owen a Williams Morris.--La cultura arquitectonica en America.--Los movimientos de vanguardia europeos de 1890 a 1914.--La formacion del movimiento moderno en Europa entre las dos guerrasmundiales.--Reconstrucción y desarrollo en la posguerra.--La arquitectura enla crisis de fin de siglo
650 1 4 _aArquitectura moderna
_vHistoria.
908 _a160627
942 _cBK
_h724.91
_iB35h
_2ddc
999 _c11179
_d11179